| 000 | 00803nam a22001815i 4500 | ||
|---|---|---|---|
| 001 | 165335 | ||
| 003 | ES-MaACL | ||
| 005 | 20230906213121.0 | ||
| 008 | 000214s1879 sp |||| | spa d | ||
| 040 |
_aCAM _bspa _cCAM |
||
| 100 | 1 |
_aSierra, Eusebio. _9132721 |
|
| 245 | 1 | 0 |
_aVencer por sorpresa _b: comedia en un acto y en verso / _coriginal de Eusebio Sierra. |
| 260 |
_aMadrid : _b[Administración lírico-dramático], _c1879 ( _fImprenta de José Rodriguez) |
||
| 300 |
_a36 p. ; _c20 cm. |
||
| 500 | _aEn port.: Representada por primera vez en el teatro de Variedades la noche del 15 de marzo de 1879. | ||
| 596 | 1 | _aEd. tomado de la cub. | |
| 852 |
_aES-MaACL _jF-8556(8) _z-- Enc. pasta española _z-- Enc. en un vol. facticio formando parte de la col. facticia "Teatro español moderno", v.8 |
||
| 999 |
_c165335 _d165335 |
||